| 000 | nam a22 a 4500 | ||
|---|---|---|---|
| 999 |
_c136606 _d136606 |
||
| 003 | BLK | ||
| 005 | 20221101174527.0 | ||
| 008 | 180409b bul|||||r ||||||| ||bul|| | ||
| 010 | _aKNG00142552000 | ||
| 040 | _aBLK | ||
| 041 |
_aBUL _cBUL |
||
| 080 |
_aРуска литература _b821.161.1 _x-31 _z821.161.1-31 |
||
| 100 | 1 |
_aГладков, Фьодор Василиевич _eпърви автор _9302876 |
|
| 139 |
_aГладков, Фьодор Василиевич _bГ 53 |
||
| 245 | 1 | 0 |
_aЦимент _bРоман _cФьодор Василиевич Гладков; прев. от рус. Виолета Москова-Еленска |
| 257 | _aSUN | ||
| 260 |
_aСофия _bНар. култура _c1977 |
||
| 300 |
_a280 с. _c21 см |
||
| 380 | _aX | ||
| 490 |
_aБиблиотека Световна класика _9201621 |
||
| 500 | _aОриг. загл. Цемент. | ||
| 700 | 1 |
_aМоскова-Еленска, Виолета _eпрев. от рус. _9325417 |
|
| 852 |
_aЦб 87716 _bЦб |
||
| 856 | 4 |
_qpdf _i0.00 _ldisable |
|
| 856 | 4 |
_qpdf _i0.00 _ldisable |
|
| 942 |
_cKNG _n0 _s1 |
||
| 944 |
_aCR _c26.09.2016 _kКина_Георгиева |
||
| 944 |
_aED _c26.09.2016 _kКина_Георгиева |
||